| 000 | 01021nam a22002897a 4500 | ||
|---|---|---|---|
| 001 | BR8800187 | ||
| 003 | BR-BrBNA | ||
| 005 | 20230928092816.0 | ||
| 007 | ta | ||
| 008 | 230509b bl.||||| |||| 00| 0 por d | ||
| 040 |
_aBR-BrBNA _bpor _cBiblioteca Nacional de Agricultura |
||
| 041 | _a(Por) | ||
| 072 |
_aF06 _b0120 |
||
| 090 | _ 0120 BR8800187 | ||
| 100 | 1 | _aAndrade, C. de L.T. de | |
| 110 | 1 |
_aUniversidade Federal de Vicosa, MG (Brasil) _0Tese (Magister Scientiae) |
|
| 245 | 1 | _aBalanco de agua em um latossolo vermelho-escuro alico, cultivado com milho (Zea mays L.)sob irrigacao por aspersao | |
| 260 | 3 |
_aVicosa, MG (Brasil): _c1987. |
|
| 300 | _a84 p. | ||
| 500 | _a10 illus.; 7 tables; Bibliography p. 60-68 (76 ref.); Summary (Por). (*) Documento disponível na(o) Universidade Federal de Vicosa, MG (Brazil) | ||
| 650 | _aMILHO | ||
| 650 | _aIRRIGACAO POR ASPERSAO | ||
| 650 | _aLATOSSOLO VERMELHO ESCURO | ||
| 650 | _aBALANCO HIDRICO | ||
| 909 |
_a202309 _bLucia _c55 _dLucia Elande |
||
| 942 | _cBK | ||
| 999 |
_c41317 _d41317 |
||